00445 2200181 4500001002100000005001500021008004100036020002200077035001900099041000700118082001100125090001600136100002100152245002700173260000900200300002500209650002900234INLIS00000000000401920241224112831241224||||||||| | ||| |||| || |  a978-602-0832-26-5 0010-1224004019 aid0 a741..5 a741.5 NYO s0 aNyoman Sri Utami00aSeminggu Bersama Kakek c2015 a16 hlm.:ilus.;15 cm. 0aIlmu Kesenian & Olahraga